[Event "Wasselonne op 25th"]
[Site "Wasselonne"]
[Date "2023.08.06"]
[Round "6"]
[White "Decker, Thomas"]
[Black "Lerch, Patrice"]
[Result "0-1"]
[WhiteElo "2234"]
[BlackElo "2339"]
[PlyCount "82"]
[EventDate "2023.08.03"]
[EventType "swiss"]
[EventRounds "7"]
[EventCountry "FRA"]
[SourceTitle "CBM 215 Extra"]
[Source "ChessBase"]
[SourceDate "2023.09.30"]
[SourceVersion "1"]
[SourceVersionDate "2023.09.30"]
[SourceQuality "1"]

1. e4 c5 2. Nf3 e6 3. d4 cxd4 4. Nxd4 Nf6 5. Nc3 Nc6 6. Nxc6 bxc6 7. e5 Nd5 8. Ne4 Bb7 9. c4 Nb4 10. Bd2 c5 11. Ng3 Qc7 12. Bc3 0-0-0 13. Qe2 d6 14. a3 Nc6 15. exd6 Bxd6 16. 0-0-0 Be5 17. Rxd8+ Rxd8 18. Bxe5 Nxe5 19. f3 Nc6 20. Qe3 Nd4 21. Bd3 Qd6 22. Rd1 Bc6 23. Kb1 Ba4 24. Rc1 Nxf3 25. Rc3 Nd4 26. Qe4 f5 27. Qh4 h6 28. Ne2 Bc6 29. Nxd4 Qxd4 30. Qe7 Qe5 31. Ka2 Bd7 32. Bc2 Re8 33. Qf7 Qf6 34. Qh5 Bc6 35. Qe2 Kc7 36. Qe1 Rb8 37. Bd1 Rb6 38. Rc2 Be4 39. Qa5 Bxc2 40. Qxa7+ Rb7 41. Qxc5+ Kd7 0-1

[Event "Wasselonne op 25th"]
[Site "Wasselonne"]
[Date "2023.08.05"]
[Round "4"]
[White "Decker, Thomas"]
[Black "Bellahcene, Bilel"]
[Result "0-1"]
[WhiteElo "2234"]
[BlackElo "2515"]
[PlyCount "202"]
[EventDate "2023.08.03"]
[EventType "swiss"]
[EventRounds "7"]
[EventCountry "FRA"]
[SourceTitle "CBM 215 Extra"]
[Source "ChessBase"]
[SourceDate "2023.09.30"]
[SourceVersion "1"]
[SourceVersionDate "2023.09.30"]
[SourceQuality "1"]

1. d4 Nf6 2. Nf3 e6 3. Bf4 d5 4. e3 c5 5. Nbd2 Nc6 6. c3 cxd4 7. exd4 Nh5 8. Bg5 f6 9. Be3 Bd6 10. Bd3 Nf4 11. Bxf4 Bxf4 12. 0-0 g6 13. Re1 0-0 14. b4 b6 15. Qb3 Kh8 16. Rad1 Bd6 17. a4 Bd7 18. Qa2 a5 19. b5 Ne7 20. Rc1 Rc8 21. Rc2 Rc7 22. c4 Qb8 23. Rec1 Rfc8 24. Nf1 Be8 25. Ne3 Bf7 26. cxd5 exd5 27. Rxc7 Rxc7 28. Rxc7 Qxc7 29. Qc2 Qd7 30. Nd2 Kg7 31. Be2 h5 32. h4 Be6 33. Bd3 Kf7 34. g3 Bb4 35. Kg2 Qc8 36. Nf3 Qc3 37. Qxc3 Bxc3 38. Bc2 Ke8 39. Bb3 Kd7 40. Nc2 Bf5 41. Nfe1 Kd6 42. f3 Be6 43. Nd3 Nf5 44. Nf4 Bf7 45. Ne2 Bd2 46. Kf2 g5 47. hxg5 fxg5 48. Ng1 Be6 49. Ne2 Kd7 50. Kg2 Nd6 51. Kf2 Nc4 52. Ng1 Bf5 53. Ke2 Bc1 54. Kd1 Bb2 55. Ke2 h4 56. g4 Bxc2 57. Bxc2 Bxd4 58. Nh3 Be3 59. Bb3 Bc1 60. Kd3 Ne5+ 61. Kd4 Nxf3+ 62. Kxd5 Ke7 63. Bd1 Ne1 64. Ke5 Nd3+ 65. Kf5 Nc5 66. Ke5 Ne6 67. Bb3 Ng7 68. Bc4 Bb2+ 69. Ke4 Kf6 70. Bg8 Ba3 71. Kd5 Bc5 72. Ke4 Ne8 73. Bb3 Nc7 74. Ba2 Ba3 75. Bb3 Bc1 76. Bc2 Ne6 77. Kd5 Be3 78. Ke4 Bc5 79. Bb3 Nf8 80. Kd5 Ng6 81. Bd1 Be3 82. Be2 Ne5 83. Kd6 Nf7+ 84. Kd5 Nh6 85. Bd1 Bc5 86. Be2 Ng8 87. Bd1 Ne7+ 88. Ke4 Ba3 89. Bb3 Bc1 90. Bc4 Nc8 91. Kd5 Ke7 92. Bd3 Nd6 93. Ke5 Ne8 94. Be2 Nf6 95. Bd1 Bd2 96. Be2 Kf7 97. Bc4+ Kg7 98. Be2 Bf4+ 99. Kf5 Nd5 100. Bd3 Ne3+ 101. Ke4 Nxg4 0-1